Trestný zákon správny, zákon o trestnom konaní správnom

Bibliographic Details
Format: Book
Language:Slovak
PhysicalDescription:464, [13] s. 8°
Published: Bratislava Tatran 1951
Subjects:

MARC

LEADER 00000cam a2200000 a 4500
001 vtls008402845
003 SK-MaSNL
005 20260302074800.0
008 230403s1951 xo f 001 0 slo
015 |a SNBA19451955-012738 
035 |a SK01SNKBKSFS20020095062 
035 |a urn:nbn:sk:snk-am3iyjb 
035 |a 6FDF695F-F7D8-4E10-937F-D1B239B08F5E 
035 |a urn:nbn:sk:snk-am00g63f 
035 |a SKM000097525 
040 |a SNK  |b slo  |c SNK  |e AACR2 
041 0 |a slo 
044 |a xo  |c SK 
080 |a 343  |2 1981 
245 0 0 |a Trestný zákon správny, zákon o trestnom konaní správnom  |c [spracovali členovia redakčnej komisie pri Povereníctve vnútra] 
260 |a Bratislava  |b Tatran  |c 1951  |e Martin  |f Tatran 
300 |a 464, [13] s.  |c 8° 
366 |e 10500 výtl. 
500 |a Vysvetlivky 
504 |a Vecný register 
650 0 7 |a trestné právo  |2 SNKPH  |9 984 
650 0 7 |a trestné konanie  |2 SNKPH  |9 2380 
655 7 |a zákony  |2 SNKPH  |9 70186 
852 |a Slovenská národná knižnica 
954 |a odborná, vedecká literatúra pôvodná (slovenská)  |2 lita 
958 |a OND 
958 |a RK 
958 |a TL 
958 |a EUIPO 
999 |c 1166464  |d 1168394 
952 |a SNK  |b SNK  |y VYP  |7 0  |p 17A0400267  |o snkSD 7303 D1  |i snkF 4228/62  |8 5  |0 0  |1 0  |4 0  |d 2011-05-10  |l 0  |r 2026-02-24 20:50:28  |w 2026-02-24 
952 |a SNK  |b SNK  |y VYP  |7 0  |p 17A0699068  |o snkSD 7303 D2  |i snkF 4886/64  |8 5  |0 0  |1 0  |4 0  |d 2011-05-10  |l 0  |r 2026-02-24 20:50:28  |w 2026-02-24 
952 |a SNK  |b SNK  |y PREZ  |7 0  |p 17A0911336  |o snkSD 7303  |i snk1577/51  |0 0  |1 0  |4 0  |d 2020-06-24  |f 1  |l 0  |r 2025-11-17 00:00:00  |w 2026-02-24